|
|
|
|
| LEADER |
01319nam a2200241 a 4500 |
| 001 |
GR-Patra30557 |
| 008 |
110118s2009 gr g b 000 0 gre|c |
| 020 |
|
|
|a 9789603939733
|
| 040 |
|
|
|a GrPaTEI
|b gre
|c GR-PaULI
|
| 082 |
0 |
4 |
|a 150.21
|2 22
|
| 100 |
1 |
|
|a Χλουβεράκης, Γρηγόρης.
|
| 245 |
1 |
0 |
|a Εισαγωγή στη στατιστική :
|b περιγραφικές μέθοδοι και εφαρμογές στην ψυχοπαιδαγωγική έρευνα /
|c Γρηγόρης Χλουβεράκης.
|
| 250 |
|
|
|a 8η έκδ.
|
| 260 |
|
|
|a Αθήνα :
|b Ελληνικά Γράμματα,
|c 2009.
|
| 300 |
|
|
|a 231 σ. ;
|c 25 εκ.
|
| 490 |
0 |
|
|a Ψυχολογία
|
| 504 |
|
|
|a Βιβλιογραφία: σ. 218-220.
|
| 650 |
|
4 |
|a Παιδαγωγική ψυχολογία
|x Στατιστικές μέθοδοι.
|
| 942 |
|
|
|2 ddc
|
| 952 |
|
|
|0 0
|1 0
|2 ddc
|4 0
|6 150_210000000000000_ΧΛΟ
|7 0
|9 312218
|a LISK
|b LISK
|c BSC
|d 2021-01-17
|e 24
|f 0
|g 0.00
|l 0
|o 150.21 ΧΛΟ
|p 92410048683
|r 2021-01-17 00:00:00
|t 1
|w 2021-01-17
|y BK15
|x 20110120 0 1
|x GrPaTEI
|
| 952 |
|
|
|0 0
|1 0
|2 ddc
|4 0
|6 150_210000000000000_ΧΛΟ
|7 1
|9 312219
|a LISK
|b LISK
|c BSC
|d 2021-01-17
|e 24
|f 0
|g 0.00
|l 0
|o 150.21 ΧΛΟ
|p 92410048679
|r 2021-01-17 00:00:00
|t 1
|w 2021-01-17
|y BKN
|x 20110120 0 0
|x GrPaTEI
|
| 971 |
|
|
|a .b26781293
|b 15-04-20
|c 26-09-16
|
| 999 |
|
|
|c 179116
|d 179116
|